000 00903nam a2200253Ia 4500
003 GCL
005 20240530103152.0
008 140319s9999 xx 000 0 ara d
040 _aGCL /
_cGCL
082 0 4 _a370.15
_bم د
100 1 _aمحمد ايوب شحيمى
245 1 0 _aدور علم النفس فى الحياة المدرسية /
_cمحمد ايوب شحيمى
260 _a[S.N] :
_bدار الفكر اللبنانى ،
_c1994
300 _a352 ص ؛
_c24 سم
490 _aمكتبة الطفل النفسية والتربوية
_v0
650 0 4 _aرياض الاطفال
650 0 4 _aعلم النفس التربوى
650 0 4 _aالثواب والعقاب فى التعليم
650 0 4 _aعلم النفس الاطفال
650 0 4 _aالاطفال, تعليم
650 0 4 _aالتسرب الدراسى
650 0 4 _aالتاخر الدراسى
942 _2ddc
_cBK
999 _c37308
_d37308